Crash Bandicoot : Games - Statistics

General Stats
  • This quiz has been taken 30 times
  • The average score is 7 of 8
Answer Stats
Année Support Answer % Correct
1996 Playstation Crash Bandicoot
100%
1998 Playstation Crash Bandicoot 3 : Warped
96%
1997 Playstation Crash Bandicoot 2 : Cortex Strikes Back
92%
2004 PS2/Xbox Crash TwinSanity
88%
2020 PS4/Xbox One Crash Bandicoot : It's About Time
85%
2008 Wii/Xbox360/PS2/GBA/Nintendo DS/PSP Crash : Mind over Mutant
85%
2007 Wii/Xbox360/PS2/GBA/Nintendo DS/PSP Crash of the Titans
85%
2001 PS2/Xbox/GameCube Crash Bandicoot : the Wrath of Cortex
81%
No matching quizzes found
Score Distribution
Percent of People with Each Score
Percentile by Number Answered
Your Score History
You have not taken this quiz